000 00367nam a2200133Ia 4500
008 100328s9999 xx 000 0 und d
082 _b63069
100 _aबोरकर कमलाकर.
245 _aनागमुकुट.
260 _bत्रिदल.
630 _aनागमुकुट.
730 _aनागमुकुट.
942 _cBOOK
999 _c548991
_d548988